[Event "Kouty nad Desnou op-B"]
[Site "Kouty nad Desnou"]
[Date "2017.03.16"]
[Round "7"]
[White "Bierska, Adela"]
[Black "Hartingerova, Martina"]
[Result "0-1"]
[WhiteElo "1624"]
[BlackElo "1715"]
[PlyCount "66"]
[EventDate "2017.03.11"]
[EventType "swiss"]
[EventRounds "9"]
[EventCountry "CZE"]
[SourceTitle "CBM 177 Extra"]
[Source "ChessBase"]
[SourceDate "2017.04.27"]
[SourceVersion "1"]
[SourceVersionDate "2017.04.27"]
[SourceQuality "1"]

1. e4 d6 2. d4 g6 3. Nf3 Bg7 4. Nc3 f5 5. Bd3 fxe4 6. Nxe4 Nc6 7. c3 Nh6 8. Qc2 d5 9. Neg5 Qd6 10. 0-0 Bf5 11. Re1 Bd7 12. g3 0-0-0 13. Bf4 Qf6 14. b4 Nf5 15. b5 Nb8 16. Ne5 Nd6 17. Nxd7 Nxd7 18. Ne6 Rde8 19. Qa4 Kb8 20. b6 Nxb6 21. Qb4 Qf7 22. Nxg7 Qxg7 23. Be5 Qf7 24. Bxh8 Rxh8 25. a4 Rf8 26. Ra2 h5 27. Rae2 h4 28. gxh4 Qf3 29. Re3 Qxf2+ 30. Kh1 Qxh4 31. Rxe7 Rf2 32. Qxd6 cxd6 33. Re8+ Nc8 0-1

[Event "Kouty nad Desnou op-B"]
[Site "Kouty nad Desnou"]
[Date "2017.03.13"]
[Round "3"]
[White "Hartingerova, Martina"]
[Black "Korsinskij, Nikolas"]
[Result "1-0"]
[WhiteElo "1715"]
[BlackElo "1551"]
[PlyCount "91"]
[EventDate "2017.03.11"]
[EventType "swiss"]
[EventRounds "9"]
[EventCountry "CZE"]
[SourceTitle "CBM 177 Extra"]
[Source "ChessBase"]
[SourceDate "2017.04.27"]
[SourceVersion "1"]
[SourceVersionDate "2017.04.27"]
[SourceQuality "1"]

1. d4 Nf6 2. c4 g6 3. Nc3 Bg7 4. e4 d6 5. Be3 0-0 6. Bd3 Nfd7 7. Nge2 c5 8. Bc2 a6 9. d5 Ne5 10. Bb3 e6 11. h3 exd5 12. Qxd5 Be6 13. Qd2 f5 14. exf5 Bxf5 15. Qd5+ Kh8 16. 0-0-0 Rf6 17. Bg5 Bh6 18. Bxh6 Nbc6 19. Bg5 Nb4 20. Bxf6+ Qxf6 21. Qxb7 Ned3+ 22. Rxd3 Nxd3+ 23. Kd2 Re8 24. g4 Be4 25. Nxe4 Qf3 26. N2g3 Nxf2 27. Re1 Qd3+ 28. Kc1 Qd4 29. Bc2 Qxc4 30. Qb3 Qxb3 31. axb3 d5 32. Re2 Nxe4 33. Nxe4 dxe4 34. Rxe4 Rf8 35. h4 Rf1+ 36. Kd2 Rh1 37. g5 Kg8 38. Bd3 a5 39. Rf4 Kg7 40. Bc4 Rh2+ 41. Kc1 Rh1+ 42. Kc2 Rh2+ 43. Kb1 Rd2 44. Rf7+ Kh8 45. Rf8+ Kg7 46. Rg8# 1-0

[Event "CZE-ch U18/U20 Girls"]
[Site "Kovarska"]
[Date "2016.11.14"]
[Round "2"]
[White "Hartingerova, Martina"]
[Black "Volaninova, Sarka"]
[Result "1-0"]
[WhiteElo "1696"]
[BlackElo "1783"]
[PlyCount "139"]
[EventDate "2016.11.13"]
[EventType "swiss"]
[EventRounds "9"]
[EventCountry "CZE"]
[SourceTitle "EXT 2022"]
[Source "ChessBase"]
[SourceDate "2021.10.06"]
[SourceVersion "1"]
[SourceVersionDate "2021.10.06"]
[SourceQuality "1"]

1. d4 Nf6 2. c4 e6 3. Nc3 Bb4 4. f3 Bxc3+ 5. bxc3 d5 6. cxd5 exd5 7. Ba3 Nc6 8. e3 Ne7 9. Bd3 0-0 10. Ne2 Re8 11. Qc2 Ng6 12. e4 dxe4 13. fxe4 Ng4 14. Qd2 Qf6 15. Ng3 Nf4 16. Bc2 Nd5 17. Bb3 Qa6 18. Bb2 Nge3 19. Bxd5 Nxd5 20. 0-0-0 Nb6 21. Qf4 Qxa2 22. Rhf1 Rf8 23. Rf2 Nc4 24. Qxc7 Bg4 25. Rdf1 Nxb2 26. Rxb2 Qa1+ 27. Kc2 Qa4+ 28. Kd2 b6 29. h3 Bd7 30. Nh5 Qc6 31. Qg3 Qg6 32. Qxg6 hxg6 33. Nf4 Rfe8 34. Ke3 Bf5 35. e5 f6 36. g4 fxe5 37. gxf5 exf4+ 38. Kxf4 gxf5 39. Rg1 Rf8 40. Rb5 Rac8 41. Rg3 Rc6 42. Rxf5 a5 43. Rxf8+ Kxf8 44. Ke5 Kf7 45. Kd5 Rf6 46. c4 g6 47. Re3 Rf5+ 48. Kc6 Rf6+ 49. Kb5 Rd6 50. Re4 Kf6 51. c5 bxc5 52. dxc5 Rd3 53. h4 Rc3 54. Ra4 Ke5 55. Rxa5 Kd5 56. Kb6 Rc4 57. Rb5 Rxh4 58. c6+ Kd6 59. Rb3 Rc4 60. Rd3+ Ke5 61. c7 Kf4 62. Kb7 g5 63. Rd6 Rxc7+ 64. Kxc7 g4 65. Rf6+ Kg3 66. Kd6 Kg2 67. Ke5 g3 68. Kf4 Kf2 69. Kg4+ Kg2 70. Rf3 1-0

[Event "CZE-ch U16 Girls"]
[Site "Kouty nad Desnou"]
[Date "2014.03.11"]
[Round "5"]
[White "Hartingerova, Martina"]
[Black "Novotna, Barbora"]
[Result "1/2-1/2"]
[WhiteElo "1458"]
[BlackElo "1546"]
[PlyCount "64"]
[EventDate "2014.03.08"]
[EventType "swiss"]
[EventRounds "9"]
[EventCountry "CZE"]
[SourceTitle "EXT 2015"]
[Source "ChessBase"]
[SourceDate "2014.11.20"]
[SourceVersion "1"]
[SourceVersionDate "2014.11.20"]
[SourceQuality "1"]

1. d4 d5 2. c4 e6 3. Nc3 Nf6 4. Bg5 Nbd7 5. Nf3 Be7 6. e3 0-0 7. Bd3 dxc4 8. Bxc4 c6 9. 0-0 b6 10. Rc1 Bb7 11. Bd3 Rc8 12. Qe2 c5 13. Rfd1 Nd5 14. Bxe7 Qxe7 15. dxc5 Nxc5 16. Bb5 Rfd8 17. Nxd5 Bxd5 18. Nd4 Qg5 19. f3 h6 20. b4 Nb7 21. Rxc8 Rxc8 22. e4 e5 23. exd5 exd4 24. Rxd4 Rd8 25. Qd2 Qe5 26. h3 Nd6 27. Bc6 Nf5 28. Re4 Qd6 29. Qf4 Qxf4 30. Rxf4 Ne7 31. Bb5 Rxd5 32. Bc4 Rf5 1/2-1/2

[Event "CZE-ch U14 Girls"]
[Site "Kouty nad Desnou"]
[Date "2013.03.11"]
[Round "3"]
[White "Zlamana, Anna"]
[Black "Hartingerova, Martina"]
[Result "1-0"]
[WhiteElo "1535"]
[BlackElo "1477"]
[PlyCount "41"]
[EventDate "2013.03.09"]
[EventType "swiss"]
[EventRounds "9"]
[EventCountry "CZE"]
[SourceTitle "EXT 2015"]
[Source "ChessBase"]
[SourceDate "2014.11.20"]
[SourceVersion "1"]
[SourceVersionDate "2014.11.20"]
[SourceQuality "1"]

1. e4 c5 2. Nf3 a6 3. d4 cxd4 4. Nxd4 e5 5. Nf3 Nc6 6. Nc3 Bb4 7. Bd2 Nf6 8. Bd3 0-0 9. 0-0 b5 10. a3 Bc5 11. b4 Ba7 12. Bg5 Bb7 13. Nd5 d6 14. Nh4 Bc8 15. Nf5 Kh8 16. c3 h6 17. Nxf6 gxf6 18. Bxh6 Rg8 19. Qh5 Rxg2+ 20. Kxg2 Qg8+ 21. Bg7# 1-0

[Event "CZE-ch U14 Girls"]
[Site "Kouty nad Desnou"]
[Date "2013.03.09"]
[Round "1"]
[White "Kanakova, Natalie"]
[Black "Hartingerova, Martina"]
[Result "1-0"]
[WhiteElo "1717"]
[BlackElo "1477"]
[PlyCount "41"]
[EventDate "2013.03.09"]
[EventType "swiss"]
[EventRounds "9"]
[EventCountry "CZE"]
[SourceTitle "EXT 2015"]
[Source "ChessBase"]
[SourceDate "2014.11.20"]
[SourceVersion "1"]
[SourceVersionDate "2014.11.20"]
[SourceQuality "1"]

1. e4 c5 2. Nf3 a6 3. Nc3 Nc6 4. d4 cxd4 5. Nxd4 e5 6. Nb3 Bb4 7. Bd2 Nf6 8. Bd3 0-0 9. 0-0 b5 10. a3 Be7 11. f4 d6 12. Kh1 Bb7 13. Rf3 Nd4 14. Nxd4 exd4 15. Nd5 Nxd5 16. exd5 Bxd5 17. Bxh7+ Kh8 18. Rh3 Be6 19. Bf5+ Kg8 20. Rh8+ Kxh8 21. Qh5+ 1-0

[Event "Morava-ch U14"]
[Site "Kouty nad Desnou"]
[Date "2012.10.27"]
[Round "8"]
[White "Hartingerova, Martina"]
[Black "Koci, Tereza"]
[Result "1/2-1/2"]
[WhiteElo "1477"]
[BlackElo "1336"]
[PlyCount "46"]
[EventDate "2012.10.24"]
[EventType "swiss"]
[EventRounds "9"]
[EventCountry "CZE"]
[SourceTitle "EXT 2015"]
[Source "ChessBase"]
[SourceDate "2014.11.20"]
[SourceVersion "1"]
[SourceVersionDate "2014.11.20"]
[SourceQuality "1"]

1. d4 Nf6 2. c4 d6 3. Nc3 g6 4. Bg5 Nbd7 5. Nf3 e6 6. e4 Be7 7. Bd3 e5 8. d5 b6 9. Nd2 Bb7 10. 0-0 0-0 11. f4 exf4 12. Bxf4 Nh5 13. Bh6 Re8 14. Qf3 Ne5 15. Qe2 Bg5 16. Bxg5 Qxg5 17. Nf3 Nxf3+ 18. Qxf3 Rf8 19. Nb5 a6 20. Nd4 Rae8 21. b4 Qd2 22. b5 a5 23. a4 Qc3 1/2-1/2

[Event "CZE-ch U12 Girls"]
[Site "Kouty nad Desnou"]
[Date "2011.03.14"]
[Round "3"]
[White "Hartingerova, Martina"]
[Black "Brunova, Blanka"]
[Result "0-1"]
[WhiteElo "1100"]
[BlackElo "1386"]
[PlyCount "88"]
[EventDate "2011.03.12"]
[EventType "swiss"]
[EventRounds "9"]
[EventCountry "CZE"]
[SourceTitle "EXT 2014"]
[Source "ChessBase"]
[SourceDate "2013.11.20"]
[SourceVersion "1"]
[SourceVersionDate "2013.11.20"]
[SourceQuality "1"]

1. e4 c5 2. Nf3 Nc6 3. Nc3 g6 4. d4 cxd4 5. Nxd4 Bg7 6. Nxc6 bxc6 7. Bd2 d5 8. exd5 cxd5 9. g3 e6 10. Bg2 Ba6 11. Qg4 Qd7 12. Na4 Nf6 13. Qd4 0-0 14. Nc5 Qb5 15. Nxa6 Qxa6 16. Bc3 e5 17. Qh4 Rfe8 18. b3 Rac8 19. Bb2 Rxc2 20. Bf3 Rxb2 21. Qb4 Rxa2 22. Rxa2 Qxa2 23. 0-0 Bf8 24. Qb5 Qd2 25. Rd1 Qb4 26. Qc6 Qb6 27. Bxd5 Qxc6 28. Bxc6 Re6 29. Bd5 Rd6 30. Bf3 Rxd1+ 31. Bxd1 Nd5 32. Kg2 e4 33. f3 e3 34. Kf1 Bc5 35. Be2 Kg7 36. f4 Nc3 37. Ke1 Nxe2 38. Kxe2 Kf6 39. Kf3 Ke6 40. b4 Bb6 41. h3 Kd5 42. b5 Kc4 43. g4 Kxb5 44. h4 a5 0-1

[Event "CZE-ch U12 Girls"]
[Site "Kouty nad Desnou"]
[Date "2011.03.13"]
[Round "2"]
[White "Zlamana, Anna"]
[Black "Hartingerova, Martina"]
[Result "1/2-1/2"]
[WhiteElo "1250"]
[BlackElo "1100"]
[PlyCount "90"]
[EventDate "2011.03.12"]
[EventType "swiss"]
[EventRounds "9"]
[EventCountry "CZE"]
[SourceTitle "EXT 2014"]
[Source "ChessBase"]
[SourceDate "2013.11.20"]
[SourceVersion "1"]
[SourceVersionDate "2013.11.20"]
[SourceQuality "1"]

1. e4 e5 2. Nf3 Nc6 3. Bc4 Nf6 4. d4 exd4 5. Nxd4 Bc5 6. Nxc6 bxc6 7. Nc3 0-0 8. 0-0 Qe7 9. Bg5 h6 10. Bh4 Qe5 11. Re1 Bd6 12. Bg3 Qc5 13. Bb3 Bxg3 14. hxg3 d6 15. Qe2 Bg4 16. Qd2 a6 17. Kf1 Qh5 18. Kg1 Rae8 19. Bc4 d5 20. exd5 Rd8 21. Bxa6 Bc8 22. Be2 Ng4 23. Bxg4 Qxg4 24. Re7 Qg5 25. Qxg5 hxg5 26. dxc6 Rd2 27. Rc1 Rd6 28. Rxc7 Rh6 29. b4 g6 30. b5 Kg7 31. b6 Rfh8 32. Kf1 Rh1+ 33. Ke2 Rxc1 34. Rxc8 Rxc2+ 35. Kd3 Rxc8 36. b7 Rxc6 37. b8Q R6xc3+ 38. Ke4 f6 39. a4 Rc4+ 40. Kd3 R2c3+ 41. Kd2 Rc2+ 42. Kd1 Rc1+ 43. Ke2 R1c2+ 44. Kf3 R2c3+ 45. Ke2 Rc2+ 1/2-1/2